| 000 | 00739nam a2200181 i 4500 | ||
|---|---|---|---|
| 001 | 72447 | ||
| 003 | ES-MaACL | ||
| 005 | 20230906171435.0 | ||
| 007 | t| | ||
| 008 | 040901s1912 fr ||||1| fre d | ||
| 100 | 1 |
_aGiraud, Victor. _957245 |
|
| 245 | 1 | 4 |
_aLes maîtres de l'heure _b: essais d'histoire morale contemporaine / _cVictor Giraud. |
| 260 |
_a[Coulommiers : _bPaul Brodard], _c1912. |
||
| 300 |
_a2 v. ; _c19 cm. |
||
| 500 | _aPertenecen a distintas ediciones. | ||
| 505 | 8 | _aContiene: V. I: Pierre Loti ; Ferdinand Brunetière ; Emile Faguet ; Eugéne Melchior de Vogüe ; Paul Bourget. -- V. II: Jules Lemaitre ; Edouard Rod ; Amatole France ; Le bilan de la génération litteaire de 1870 | |
| 852 |
_aES-MaACL _jF-8429-8430 |
||
| 999 |
_c72447 _d72447 |
||